000 00731cam a2200229 4500
001 ABS62768
008 000000n2000 000 0 eng u
035 _a(Sirsi) u108118
100 _aMessenger, P.
245 _aFocus 2000: sports development
260 _c2000
490 _aEstates Gazette
_v(0033) 19 August 2000, 47-51(6)
520 _aSpecial feature on sports development. Covers the benefits fot the Sydney property market of the Olympics, how to bid for sports events and stadium development.
590 _aABS
650 _aSPORTS CENTRES
650 _aLEISURE DEVELOPMENT
650 _aOLYMPIC GAMES
650 _aSTADIA
650 _aFOOTBALL GROUNDS
690 _aLEISURE AND RECREATION
942 _n0
999 _c64580
_d64580